Metro - Europa - Statistiken

Allgemein
  • Dieses Quiz wurde 131 mal gespielt
  • Das Durchschnittsergebnis liegt bei 11 aus 15
Antwortstatistiken
Hint Antwort % Korrekt
152 km U-Bahn Berlin / Berlin / Deutschland
99%
402 km Underground / London / Vereinigtes Königreich
98%
465 km Metro Moskau / Moskau / Russland
96%
226 km Métro Paris / Paris / Frankreich
96%
293 km Metro Madrid / Madrid / Spanien
95%
103 km U-Bahn München / München / Deutschland
93%
143 km Metro Barcelona / Barcelona / Spanien
92%
106 km U-Bahn Hamburg / Hamburg / Deutschland
90%
100 km Metropolitana di Milano / Mailand / Italien
63%
108 km Tunnelbana / Stockholm / Schweden
60%
89 km Metro Athen / Athen / Griechenland
57%
243 km Metro Istanbul / Istanbul / Türkei
56%
86 km Oslo T-bane / Oslo / Norwegen
55%
113 km Metro Sankt Petersburg / Sankt Petersburg / Russland
54%
186 km Metro Valencia / Valencia / Spanien
21%
Keine übereinstimmenden Quizze gefunden
Verteilung der Resultate
Anzahl Personen mit jedem Resultat
Perzentil nach korrekt beantworteten Fragen
Ihre Resultats-Entwicklung
Sie haben dieses Quiz noch nicht gespielt